Tilastot visalle 15 maata joissa on eniten Covid-19-tapauksia - 3. kes 2021

Klikkaa tästä pelataksesi tätä visaa!

Yleistilastot

  • Tätä visaa on pelattu 3 kertaa
  • Keskiarvotulos 17 / 27

Vastaustilastot

yhteensä
tapausta
päivittäin
nousu
lukumäärä /
miljoonaa
maa% Oikein
3 884 44735 355Argentiina
100%
16 803 47277 898Brasilia
100%
3 693 0124388Espanja
100%
4 225 1632482Italia
100%
2 423 928932Meksiko
100%
5 694 076
984887 056Ranska
100%
106 031Ruotsi
100%
3 701 6902990Saksa
100%
5 099 1829500Venäjä
100%
4 499 8783165Yhdistynyt
kuningaskunta
100%
34 174 75217 821102 691Yhdysvallat
100%
96 507Alankomaat
50%
91 556Belgia
50%
28 572 359133 228Intia
50%
2 945 10010 687Iran
50%
3 488 04625 966Kolumbia
50%
87 487Kroatia
50%
102 543Liettua
50%
2 874 092583Puola
50%
154 988Tšekki
50%
5 270 2997112Turkki
50%
97 870Viro
50%
140 499Bahrain
0%
87 136Georgia
0%
90 021Israel
0%
122 495Slovenia
0%
87 353Uruguay
0%

Tulosjakauma

Persentiili vastausten määrän mukaan

Jokaisen tuloksen saaneiden osuus

Tuloshistoriasi

Et ole pelannut tätä visaa